Gares de l'Yonne - Statistiques

Statistiques générales
  • Ce quiz a été pris 124 fois
  • Le résultat moyen est 10 sur 25
Statistiques - réponses
Nombre de voyageurs Gares % Correct
1 300 816 Sens
94%
561 972 Auxerre Saint Gervais
92%
700 582 Laroche - Migennes
92%
416 504 Joigny
81%
155 320 Tonnerre
74%
60 312 Avallon
68%
98 376 Saint Florentin - Vergigny
56%
14 732 Cravant - Bazarnes
55%
123 542 Pont sur Yonne
47%
71 504 Villeneuve sur Yonne
45%
14 412 Monéteau - Gurgy
39%
2 472 Chemilly - Appoigny
32%
2 485 Champ - Saint Bris
31%
182 271 Villeneuve la Guyard
31%
7 821 Etigny - Véron
28%
17 448 Sermizelles - Vézelay
27%
48 296 Nuits sous Ravières
26%
38 671 Saint Julien du Sault
26%
10 587 Vermenton
26%
4 594 Arcy sur Cure
24%
6 132 Vincelles
16%
102 737 Champigny sur Yonne
15%
8 299 Mailly la Ville
10%
5 098 Coulanges sur Yonne
8%
6 920 Châtel Censoir
7%
Aucun quiz correspondant
Distribution des résultats
% des personnes avec chaque résultat
Percentile par nombre de réponses
Votre historique - résultats
Vous n’avez pas pris ce quiz